000 00911nam a2200229 a 4500
001 47100
003 BD-RjUL
005 20211209054247.0
008 160807s1949 pk ||||| |||| 00| 0 eng d
020 _c:PRS. 2.20
035 _a(BD-RjUL)47219
040 _aBD-RjUL
_beng
_cBD-RjUL
_dBD-RjUL
041 _aeng
082 _a331.09549
_bPAI 1949
110 1 _aPakistan.
_bMinistry of Law and Labour. (Labour Division)
_9230214
245 1 0 _aFirst meeting of the Standing Labour Committee, held at dacca on the 5th & 6th November 1949 :
_bSummary of proceedings /
_cPakistan. Ministry of Law and Labour. (Labour Division)
246 _aSummary of proceedings of the First meeting of the Standing Labour Committee:
_b(Held at dacca on the 5th and 6th November 1949)
260 _aKarachi :
_bManager of Publications,
_c1949
300 _a81 p. ;
_c24 cm
650 _aLabour
_zPakistan
_9143436
942 _2ddc
_cRAR
999 _c47100
_d47100